| 000 | 00715nam a2200229Ia 4500 | ||
|---|---|---|---|
| 008 | 191130s2006##################000#0#eng## | ||
| 020 | _a9780748616954 | ||
| 040 |
_aACL _cACL |
||
| 082 | _a302.230711 PUR | ||
| 100 | _aPurvis, Tony | ||
| 245 |
_aGet set for media and cultural studies _cTony Purvis |
||
| 260 |
_aEdinburgh _bEdinburgh Univeristy Press _cc2006 |
||
| 300 | _axiii, 205 p. : ill., ; ; 22 cm | ||
| 500 | _aIncludes bibliographical references and index | ||
| 650 | _aCulture | ||
| 650 | _aCulture Study and teaching (Higher) | ||
| 650 | _aMass media | ||
| 650 | _aMass media Study and teaching (Higher) | ||
| 990 | _afc56fb0cac10000c233231ce0033452d | ||
| 991 | _a41842 | ||
| 999 |
_c194076 _d194076 |
||